000
00309nam a22001217a 4500
008
180309b xxu||||| |||| 00| 0 eng d
041
_a
eng
080
_2
15th
_a
336.2
100
_a
5
101
_a
TAK
245
_a
Fundamentals of federal income taxation cases and materials
_c
Freeland,J.J
942
_2
udc
_c
BK
999
_c
44532
_d
44532